1970s Bands (Sudden Death) - Statistics

General Stats
  • This quiz has been taken 146 times
  • The average score is 14 of 33
Answers on the Grid
Answers color-coded by a green-red scale on the quiz's grid according to % correct below.
Yes
Rush
INXS
KISS
Queen
Cream
R.E.M.
Eagles
Boston
AC/DC
Genesis
Bon Jovi
Metallica
The Who
Ramones
Kraftwerk
The Kinks
Aerosmith
The Clash
The Doors
The Police
Pink Floyd
Steely Dan
New Order
Dire Straits
Sex Pistols
The Turtles
The Smiths
Sonic Youth
Cheap Trick
Led Zeppelin
The Zombies
King Crimson
The Yardbirds
Talking Heads
Faith No More
Black Sabbath
Guns N' Roses
Fleetwood Mac
Lynyrd Skynyrd
Violent Femmes
The Beach Boys
Steve Miller Band
Buffalo Springfield
The Grateful Dead
The Rolling Stones
Creedence Clearwater Revival
Tom Petty & the Heartbreakers
 
Answer Stats
Answer % Correct
Queen
70%
KISS
62%
Yes
62%
Eagles
59%
Pink Floyd
55%
AC/DC
54%
Sex Pistols
53%
Rush
51%
Fleetwood Mac
49%
The Who
49%
Aerosmith
48%
Led Zeppelin
48%
Black Sabbath
47%
Ramones
46%
Lynyrd Skynyrd
45%
Boston
44%
The Clash
44%
The Rolling Stones
44%
The Kinks
41%
The Police
39%
Dire Straits
37%
Genesis
37%
Steely Dan
37%
Creedence Clearwater Revival
34%
The Doors
34%
Talking Heads
31%
Tom Petty & the Heartbreakers
31%
Cheap Trick
30%
Steve Miller Band
29%
The Beach Boys
29%
Kraftwerk
28%
The Grateful Dead
28%
King Crimson
22%
No matching quizzes found
Score Distribution
Percent of People with Each Score
Percentile by Number Answered
Your Score History
You have not taken this quiz